[Event "43. Olimpiada Batumi 2018 Femenina"]
[Site "Batumi GEO"]
[Date "2018.09.28"]
[Round "5.3"]
[White "Carrillo Marval, Maria Angelica"]
[Black "Gjergji, Rozana"]
[Result "0-1"]
[WhiteElo "1712"]
[BlackElo "1924"]
[PlyCount "154"]
[EventDate "2018.09.24"]
[EventType "team-swiss"]
[EventRounds "11"]
[EventCountry "GEO"]
[SourceTitle "Ajedrez en Madrid"]
[Source "lmi"]
[SourceDate "2018.09.24"]
[WhiteTeam "Panama"]
[BlackTeam "Albania"]
[WhiteTeamCountry "PAN"]
[BlackTeamCountry "ALB"]

1. e4 e5 2. Nf3 Nc6 3. Bc4 Be7 4. d3 Nf6 5. O-O d6 6. Re1 Bg4 7. c3 O-O 8. a4
Kh8 9. Nbd2 Nd7 10. h3 Bh5 11. g4 Bg6 12. Nf1 Qe8 13. a5 a6 14. Ng3 f6 15. Nh4
Bf7 16. Bd5 g6 17. Bh6 Rg8 18. Ng2 g5 19. Bxc6 bxc6 20. Nf5 Be6 21. Nge3 d5 22.
Bg7+ Rxg7 23. Nxg7 Kxg7 24. Nf5+ Kg6 25. Qf3 Qf7 26. h4 gxh4 27. Nxh4+ Kg7 28.
Nf5+ Kh8 29. Kg2 Bxf5 30. Qxf5 Nf8 31. Rh1 Ng6 32. Rad1 Kg7 33. Rh2 Qe6 34.
Qxe6 Nf4+ 35. Kf3 Nxe6 36. Rdh1 Ng5+ 37. Ke3 Rb8 38. f3 Bc5+ 39. d4 exd4+ 40.
cxd4 Rb3+ 41. Ke2 Rxb2+ 42. Kd3 Rxh2 43. Rxh2 Nxf3 44. Rh5 Bxd4 45. Rf5 dxe4+
46. Kxe4 Nh4 47. Rh5 Bf2 48. Kd3 Kg6 49. Ke2 Bg3 50. Rc5 Kf7 51. Rxc6 Ke7 52.
Rxa6 Bd6 53. Ra8 Kd7 54. Rh8 Kc6 55. Rxh7 Ng6 56. Rh6 Ne5 57. Rxf6 Nxg4 58. Rf1
Kb5 59. Ra1 Ka6 60. Kd3 Ne5+ 61. Ke4 Nc4 62. Rc1 Nxa5 63. Kd5 Kb7 64. Rb1+ Kc8
65. Rc1 Kd7 66. Rc2 c6+ 67. Ke4 Nb3 68. Rxc6 Kxc6 69. Ke3 Kd5 70. Kd3 Bf4 71.
Kc3 Nc5 72. Kb4 Bc7 73. Kb5 Nd3 74. Ka4 Kc4 75. Ka3 Be5 76. Ka4 Nc5+ 77. Ka5
Bc7# 0-1

[Event "43. Olimpiada Batumi 2018 Femenina"]
[Site "Batumi GEO"]
[Date "2018.09.28"]
[Round "5.4"]
[White "Tuzi, Bruna"]
[Black "Arosemena, Betty"]
[Result "1-0"]
[WhiteElo "1813"]
[BlackElo "1598"]
[PlyCount "75"]
[EventDate "2018.09.24"]
[EventType "team-swiss"]
[EventRounds "11"]
[EventCountry "GEO"]
[SourceTitle "Ajedrez en Madrid"]
[Source "lmi"]
[SourceDate "2018.09.24"]
[WhiteTeam "Albania"]
[BlackTeam "Panama"]
[WhiteTeamCountry "ALB"]
[BlackTeamCountry "PAN"]

1. e4 e5 2. Nf3 Nc6 3. Bc4 Nf6 4. Ng5 Bc5 5. Nxf7 Bxf2+ 6. Kf1 Qe7 7. Nxh8 d5
8. Be2 Be6 9. Nc3 d4 10. Nd5 Bxd5 11. exd5 Nb4 12. d3 O-O-O 13. Kxf2 Nfxd5 14.
Rf1 Ne3 15. Bxe3 dxe3+ 16. Kg1 Rxh8 17. Bg4+ Kb8 18. Qe2 Nd5 19. g3 Nf6 20.
Rxf6 gxf6 21. Qxe3 Qb4 22. Qe4 Qxb2 23. Rf1 Qxc2 24. Rxf6 Qc5+ 25. Kg2 Rf8 26.
Rxf8+ Qxf8 27. Qxe5 a6 28. Qe4 Qf7 29. Bf3 c6 30. Qf4+ Qxf4 31. gxf4 Kc7 32.
Kg3 Kd7 33. Kg4 b6 34. Kg5 c5 35. Kf6 Kd6 36. Kg7 Ke6 37. Bg4+ Ke7 38. f5 1-0

[Event "43. Olimpiada Batumi 2018 Femenina"]
[Site "Batumi GEO"]
[Date "2018.09.28"]
[Round "5.1"]
[White "Rania, Sbai"]
[Black "Raya, Alnaimat"]
[Result "1-0"]
[WhiteElo "1893"]
[BlackElo "1676"]
[PlyCount "89"]
[EventDate "2018.09.24"]
[EventType "team-swiss"]
[EventRounds "11"]
[EventCountry "GEO"]
[SourceTitle "Ajedrez en Madrid"]
[Source "lmi"]
[SourceDate "2018.09.24"]
[WhiteTeam "Morocco"]
[BlackTeam "Jordan"]
[WhiteTeamCountry "MAR"]
[BlackTeamCountry "JOR"]

1. d4 Nf6 2. Nf3 d6 3. c4 g6 4. Nc3 Bg7 5. e4 O-O 6. Be2 Nbd7 7. O-O e5 8. d5
h6 9. Ne1 Ne8 10. Be3 f5 11. f3 Nef6 12. Nd3 Qe7 13. b4 b6 14. Rc1 Ba6 15. b5
Bb7 16. Nb4 Nc5 17. Bxc5 bxc5 18. Nc6 Bxc6 19. bxc6 a6 20. Rb1 Ra7 21. Qa4 Raa8
22. Rb7 Rfc8 23. Rfb1 Ne8 24. Qc2 Qg5 25. Qd3 h5 26. Bf1 Bh6 27. Ne2 Qe3+ 28.
Qxe3 Bxe3+ 29. Kh1 fxe4 30. fxe4 Nf6 31. g3 Nxe4 32. R1b3 Rf8 33. Rxe3 Rxf1+
34. Kg2 Raf8 35. Rxe4 R8f2+ 36. Kh3 Rh1 37. Kh4 Kh7 38. g4 Kh6 39. g5+ Kg7 40.
Rxc7+ Kf8 41. h3 Rf3 42. Ng3 Rh2 43. Rh7 Rhf2 44. Nxh5 gxh5 45. c7 1-0

[Event "43. Olimpiada Batumi 2018 Femenina"]
[Site "Batumi GEO"]
[Date "2018.09.28"]
[Round "5.2"]
[White "Razan, Alshaeby"]
[Black "Mayar ElIdrissi, Firdaous"]
[Result "1-0"]
[WhiteElo "1712"]
[BlackElo "1797"]
[PlyCount "49"]
[EventDate "2018.09.24"]
[EventType "team-swiss"]
[EventRounds "11"]
[EventCountry "GEO"]
[SourceTitle "Ajedrez en Madrid"]
[Source "lmi"]
[SourceDate "2018.09.24"]
[WhiteTeam "Jordan"]
[BlackTeam "Morocco"]
[WhiteTeamCountry "JOR"]
[BlackTeamCountry "MAR"]

1. e4 c5 2. c3 d5 3. exd5 Qxd5 4. d4 e6 5. Nf3 Nf6 6. Be3 cxd4 7. cxd4 Bb4+ 8.
Nc3 O-O 9. Bd3 Nc6 10. O-O Bxc3 11. bxc3 Bd7 12. Nd2 Rac8 13. c4 Qd6 14. c5 Qc7
15. Qf3 Nb4 16. Bf4 Qc6 17. Be4 Nxe4 18. Nxe4 Rcd8 19. Bd6 Rfe8 20. Qg4 Kh8 21.
Be5 Rg8 22. Nf6 Nd5 23. Nxh7 f6 24. Ng5 g6 25. Qh4+ 1-0

[Event "43. Olimpiada Batumi 2018 Femenina"]
[Site "Batumi GEO"]
[Date "2018.09.28"]
[Round "5.3"]
[White "Makhlouf, Ahlam"]
[Black "Alattar, Ghayda M"]
[Result "0-1"]
[WhiteElo "1408"]
[BlackElo "1926"]
[PlyCount "102"]
[EventDate "2018.09.24"]
[EventType "team-swiss"]
[EventRounds "11"]
[EventCountry "GEO"]
[SourceTitle "Ajedrez en Madrid"]
[Source "lmi"]
[SourceDate "2018.09.24"]
[WhiteTeam "Morocco"]
[BlackTeam "Jordan"]
[WhiteTeamCountry "MAR"]
[BlackTeamCountry "JOR"]

1. e4 g6 2. d4 d6 3. Nf3 Bg7 4. Bc4 Nf6 5. e5 dxe5 6. Nxe5 O-O 7. O-O Nbd7 8.
f4 e6 9. c3 c6 10. Nd2 Qc7 11. Ndf3 b6 12. b3 Nd5 13. Qe1 N7f6 14. g3 c5 15.
Ba3 a5 16. Rc1 Ra7 17. Ng5 h6 18. Ne4 Nxe4 19. Qxe4 Bb7 20. Qe2 Rd8 21. Rfd1
Ba8 22. Rd3 Bf8 23. Bb2 Qb7 24. Qf3 b5 25. Bxd5 Qxd5 26. Rcd1 Qxf3 27. Nxf3 c4
28. bxc4 bxc4 29. Re3 Rb8 30. Rd2 Rab7 31. Ree2 a4 32. a3 Rxb2 33. Rxb2 Rxb2
34. Rxb2 Bxf3 35. Kf2 Bd1 36. Rb1 Bb3 37. Ra1 Kg7 38. Ke3 Kf6 39. Ke4 Bc2+ 40.
Ke3 Kf5 41. h3 h5 42. Ra2 Bb3 43. Ra1 Bd6 44. Kf3 g5 45. g4+ hxg4+ 46. hxg4+
Kg6 47. fxg5 Kxg5 48. Ke4 Kxg4 49. d5 f5+ 50. Kd4 e5+ 51. Ke3 f4+ 0-1

[Event "43. Olimpiada Batumi 2018 Femenina"]
[Site "Batumi GEO"]
[Date "2018.09.28"]
[Round "5.4"]
[White "Boshra, Alshaeby"]
[Black "Alaoui Belghiti, Chaimaa"]
[Result "1-0"]
[WhiteElo "1979"]
[BlackElo "1689"]
[PlyCount "75"]
[EventDate "2018.09.24"]
[EventType "team-swiss"]
[EventRounds "11"]
[EventCountry "GEO"]
[SourceTitle "Ajedrez en Madrid"]
[Source "lmi"]
[SourceDate "2018.09.24"]
[WhiteTeam "Jordan"]
[BlackTeam "Morocco"]
[WhiteTeamCountry "JOR"]
[BlackTeamCountry "MAR"]

1. e4 c6 2. d4 d5 3. exd5 cxd5 4. c4 Nf6 5. Nc3 e6 6. c5 Be7 7. Qc2 O-O 8. Nf3
b6 9. b4 a5 10. Na4 Bd7 11. Nxb6 Ra7 12. b5 Ne4 13. Bd3 f5 14. Ne5 Bf6 15.
Nbxd7 Rxd7 16. Nxd7 Nxd7 17. Bb2 Bh4 18. O-O Qg5 19. f3 Ng3 20. f4 Qh6 21. Rf3
Ne4 22. b6 Be7 23. Bb5 Nb8 24. c6 Nxc6 25. Bxc6 Bd6 26. Bc1 Qf6 27. Be3 Bc5 28.
Rb1 Bxd4 29. Kh1 Bxe3 30. Rxe3 Qh4 31. b7 Qxf4 32. Bd7 Qe5 33. Bxe6+ Kh8 34.
Qc8 Nf2+ 35. Kg1 Nh3+ 36. Rxh3 Qd4+ 37. Kh1 Qf6 38. Qxf8+ 1-0

[Event "43. Olimpiada Batumi 2018 Femenina"]
[Site "Batumi GEO"]
[Date "2018.09.28"]
[Round "5.1"]
[White "Goossens, Hanne"]
[Black "Mendez Tovar, Yessica Yissel"]
[Result "1-0"]
[WhiteElo "2220"]
[BlackElo "2126"]
[PlyCount "79"]
[EventDate "2018.09.24"]
[EventType "team-swiss"]
[EventRounds "11"]
[EventCountry "GEO"]
[SourceTitle "Ajedrez en Madrid"]
[Source "lmi"]
[SourceDate "2018.09.24"]
[WhiteTeam "Belgium"]
[BlackTeam "Mexico"]
[WhiteTeamCountry "BEL"]
[BlackTeamCountry "MEX"]

1. e4 d5 2. exd5 Qxd5 3. Nc3 Qa5 4. d4 Nf6 5. Nf3 Bg4 6. h3 Bh5 7. g4 Bg6 8.
Ne5 Nbd7 9. Nc4 Qa6 10. h4 Qe6+ 11. Ne3 O-O-O 12. d5 Qe5 13. h5 Be4 14. Nc4
Bxh1+ 15. Nxe5 Nxe5 16. Be2 Nxd5 17. Nxd5 Rxd5 18. Bd2 e6 19. f4 Nc6 20. Bf3
Bxf3 21. Qxf3 Nd4 22. Qe4 Bc5 23. Bc3 Rhd8 24. Kf1 g6 25. h6 Nb5 26. Bf6 Rd1+
27. Rxd1 Rxd1+ 28. Ke2 Nd6 29. Qa4 Rg1 30. Bd4 Bxd4 31. Qxd4 Rxg4 32. Qh8+ Kd7
33. Kf3 Rh4 34. Qxh7 Ke7 35. Qh8 Nf5 36. h7 Rh3+ 37. Kg2 Rh5 38. Qg8 Ne3+ 39.
Kf3 Rh3+ 40. Ke4 1-0

[Event "43. Olimpiada Batumi 2018 Femenina"]
[Site "Batumi GEO"]
[Date "2018.09.28"]
[Round "5.2"]
[White "Fuentes Godoy, Lilia Ivonne"]
[Black "Vanduyfhuys, Daria"]
[Result "1-0"]
[WhiteElo "2079"]
[BlackElo "2058"]
[PlyCount "81"]
[EventDate "2018.09.24"]
[EventType "team-swiss"]
[EventRounds "11"]
[EventCountry "GEO"]
[SourceTitle "Ajedrez en Madrid"]
[Source "lmi"]
[SourceDate "2018.09.24"]
[WhiteTeam "Mexico"]
[BlackTeam "Belgium"]
[WhiteTeamCountry "MEX"]
[BlackTeamCountry "BEL"]

1. d4 Nf6 2. c4 e6 3. Nf3 Bb4+ 4. Bd2 Qe7 5. g3 Nc6 6. Nc3 O-O 7. Bg2 d6 8. d5
Nd8 9. O-O e5 10. Qc2 Nh5 11. e4 f5 12. a3 Bxc3 13. Bxc3 f4 14. c5 Bd7 15. cxd6
cxd6 16. Nd2 b6 17. Qd1 Qg5 18. Nf3 Qh6 19. Rc1 Nf7 20. Bd2 Rac8 21. Qe2 g5 22.
Qa6 Nf6 23. Rfe1 Qh5 24. Bc3 Bh3 25. Qxa7 Bxg2 26. Kxg2 g4 27. Nh4 f3+ 28. Kh1
Nh8 29. Nf5 Nf7 30. Ne7+ Kh8 31. Nxc8 Qh3 32. Rg1 Nxe4 33. Rc2 Nfg5 34. Nxd6
Nxc3 35. Rxc3 h5 36. Qe7 Rg8 37. Qf6+ Rg7 38. Rc8+ Kh7 39. Qf5+ Kh6 40. Rh8+
Nh7 41. Rxh7+ 1-0

[Event "43. Olimpiada Batumi 2018 Femenina"]
[Site "Batumi GEO"]
[Date "2018.09.28"]
[Round "5.3"]
[White "Barbier, Astrid"]
[Black "Garcia Morales, Ivette Ale"]
[Result "1/2-1/2"]
[WhiteElo "1894"]
[BlackElo "2013"]
[PlyCount "111"]
[EventDate "2018.09.24"]
[EventType "team-swiss"]
[EventRounds "11"]
[EventCountry "GEO"]
[SourceTitle "Ajedrez en Madrid"]
[Source "lmi"]
[SourceDate "2018.09.24"]
[WhiteTeam "Belgium"]
[BlackTeam "Mexico"]
[WhiteTeamCountry "BEL"]
[BlackTeamCountry "MEX"]

1. e4 e6 2. d4 d5 3. exd5 exd5 4. Bd3 Nc6 5. c3 Bd6 6. Qf3 Be6 7. Ne2 Qd7 8. h3
O-O-O 9. Bf4 f6 10. Nd2 Nge7 11. Nb3 Kb8 12. Bxd6 Qxd6 13. Qf4 g5 14. Qxd6 Rxd6
15. O-O-O Bf5 16. Nc5 b6 17. Bxf5 Nxf5 18. Nd3 Re6 19. Ng3 Nh4 20. Rhg1 Rhe8
21. Rd2 Nd8 22. Kd1 Nb7 23. Nf1 Nd6 24. Rc2 Ne4 25. Nh2 c5 26. g3 Nf5 27. Nf3
a5 28. Nde1 h5 29. Ng2 Kc7 30. g4 hxg4 31. hxg4 Ne7 32. Rh1 Ng6 33. Re1 Kd6 34.
Rce2 a4 35. Nd2 Nxd2 36. Kxd2 Rxe2+ 37. Rxe2 Rxe2+ 38. Kxe2 b5 39. Kd2 cxd4 40.
cxd4 Ne7 41. f4 Nc6 42. Kc3 b4+ 43. Kd3 Na5 44. f5 Nc4 45. b3 axb3 46. axb3 Na5
47. Kc2 Nb7 48. Ne3 Kc6 49. Kd3 Nd6 50. Nc2 Ne4 51. Ne3 Nf2+ 52. Kc2 Kd6 53.
Kd2 Ne4+ 54. Kd3 Nf2+ 55. Kd2 Kc6 56. Kc2 1/2-1/2

[Event "43. Olimpiada Batumi 2018 Femenina"]
[Site "Batumi GEO"]
[Date "2018.09.28"]
[Round "5.4"]
[White "Guerrero Rodriguez, Alejandra"]
[Black "Cuvelier, Annelies"]
[Result "0-1"]
[WhiteElo "2009"]
[BlackElo "1809"]
[PlyCount "96"]
[EventDate "2018.09.24"]
[EventType "team-swiss"]
[EventRounds "11"]
[EventCountry "GEO"]
[SourceTitle "Ajedrez en Madrid"]
[Source "lmi"]
[SourceDate "2018.09.24"]
[WhiteTeam "Mexico"]
[BlackTeam "Belgium"]
[WhiteTeamCountry "MEX"]
[BlackTeamCountry "BEL"]

1. e4 e5 2. Nf3 Nc6 3. Bb5 a6 4. Ba4 Nf6 5. O-O b5 6. Bb3 Be7 7. d4 d6 8. c3
O-O 9. h3 exd4 10. cxd4 Na5 11. Bc2 c5 12. Qe2 Nd7 13. e5 dxe5 14. dxe5 Nb6 15.
Rd1 Qc7 16. Bf4 Bb7 17. Nc3 Rad8 18. Ne4 Nc8 19. Nd6 Ba8 20. Qd3 g6 21. Bh6
Nxd6 22. exd6 Rxd6 23. Qc3 Bf6 24. Qe1 Re6 25. Qf1 Rfe8 26. Nh2 Bxb2 27. Rab1
Bg7 28. Bxg7 Kxg7 29. a4 Bc6 30. Qd3 Nb7 31. Ng4 Qf4 32. Qc3+ f6 33. axb5 axb5
34. Bd3 c4 35. Bf1 h5 36. Ne3 R8e7 37. Ra1 Nc5 38. Nd5 Bxd5 39. Rxd5 Re5 40.
Rd8 Qxf2+ 41. Kh2 Ne4 42. Qb4 Ng5 43. Kh1 Re1 44. Rxe1 Qxe1 45. Qd6 Qxf1+ 46.
Kh2 Nf3+ 47. Kg3 Qe1+ 48. Kf4 Re4+ 0-1

[Event "43. Olimpiada Batumi 2018 Femenina"]
[Site "Batumi GEO"]
[Date "2018.09.28"]
[Round "5.1"]
[White "Samaganova, Alexandra"]
[Black "Dolzhikova, Olga"]
[Result "0-1"]
[WhiteElo "2024"]
[BlackElo "2184"]
[PlyCount "54"]
[EventDate "2018.09.24"]
[EventType "team-swiss"]
[EventRounds "11"]
[EventCountry "GEO"]
[SourceTitle "Ajedrez en Madrid"]
[Source "lmi"]
[SourceDate "2018.09.24"]
[WhiteTeam "Kyrgyzstan"]
[BlackTeam "Norway"]
[WhiteTeamCountry "KGZ"]
[BlackTeamCountry "NOR"]

1. c4 b6 2. Nf3 Bb7 3. e3 e6 4. b3 f5 5. Bb2 Nf6 6. Nc3 Bb4 7. Be2 O-O 8. Qc2
a5 9. a3 Be7 10. Rg1 Ne4 11. d3 Nxc3 12. Bxc3 Bf6 13. h3 Na6 14. Nd4 a4 15.
bxa4 Nc5 16. Bb4 f4 17. Rb1 fxe3 18. fxe3 Bxd4 19. exd4 Qh4+ 20. Kd2 Qxd4 21.
Qb2 Qf4+ 22. Kc2 Nxa4 23. Qc1 Qe5 24. Qd2 Rf2 25. Rge1 c5 26. Bc3 Nxc3 27. Qxc3
Rxe2+ 0-1

[Event "43. Olimpiada Batumi 2018 Femenina"]
[Site "Batumi GEO"]
[Date "2018.09.28"]
[Round "5.2"]
[White "Hagesather, Ellen"]
[Black "Omurbekova, Diana"]
[Result "1-0"]
[WhiteElo "2181"]
[BlackElo "1877"]
[PlyCount "73"]
[EventDate "2018.09.24"]
[EventType "team-swiss"]
[EventRounds "11"]
[EventCountry "GEO"]
[SourceTitle "Ajedrez en Madrid"]
[Source "lmi"]
[SourceDate "2018.09.24"]
[WhiteTeam "Norway"]
[BlackTeam "Kyrgyzstan"]
[WhiteTeamCountry "NOR"]
[BlackTeamCountry "KGZ"]

1. e4 g6 2. d4 Bg7 3. Nc3 d6 4. Be3 Nf6 5. f3 O-O 6. Qd2 a6 7. g4 e5 8. d5 c5
9. a4 Qa5 10. Nge2 b5 11. Ng3 Bd7 12. h4 Rc8 13. h5 c4 14. Bh6 Bh8 15. hxg6
hxg6 16. Qh2 b4 17. Nd1 Be8 18. Nf5 gxf5 19. gxf5 Ng4 20. Qg3 f6 21. Qxg4+ Kf7
22. Be3 Ke7 23. Rxh8 Nd7 24. Rh7+ Kd8 25. Qg1 Rab8 26. Nf2 Nc5 27. Bxc5 Qxc5
28. Qg7 Rc7 29. Qxc7+ Qxc7 30. Rxc7 Kxc7 31. Bxc4 Kb6 32. Ng4 Rc8 33. Bd3 Bh5
34. Nxf6 Bf7 35. a5+ Kc5 36. Nd7+ Kd4 37. Kd2 1-0

[Event "43. Olimpiada Batumi 2018 Femenina"]
[Site "Batumi GEO"]
[Date "2018.09.28"]
[Round "5.3"]
[White "Zairbek kyzy, Begimay"]
[Black "Sahl, Sheila Barth"]
[Result "0-1"]
[WhiteElo "1770"]
[BlackElo "2136"]
[PlyCount "84"]
[EventDate "2018.09.24"]
[EventType "team-swiss"]
[EventRounds "11"]
[EventCountry "GEO"]
[SourceTitle "Ajedrez en Madrid"]
[Source "lmi"]
[SourceDate "2018.09.24"]
[WhiteTeam "Kyrgyzstan"]
[BlackTeam "Norway"]
[WhiteTeamCountry "KGZ"]
[BlackTeamCountry "NOR"]

1. e4 c6 2. d4 g6 3. f4 d5 4. e5 Nh6 5. Be2 Bg7 6. Be3 Qb6 7. b3 a5 8. c3 f6 9.
Bf2 O-O 10. Nf3 Na6 11. h3 Qd8 12. O-O Nc7 13. Qc1 Nf7 14. Bd3 Bf5 15. Be2 Qd7
16. Nbd2 Ne6 17. Bg3 Bh6 18. Nh4 Ng7 19. Bh2 Be4 20. Nxe4 dxe4 21. Qc2 g5 22.
exf6 exf6 23. fxg5 Nxg5 24. Rae1 f5 25. Be5 b5 26. c4 N5e6 27. Qc3 Qe7 28. d5
Qxh4 29. dxe6 b4 30. Qb2 c5 31. Rd1 Nxe6 32. Rxf5 Rxf5 33. Bg4 Raf8 34. g3 Be3+
35. Kh1 Rf1+ 36. Rxf1 Rxf1+ 37. Kg2 Rg1+ 38. Kh2 Qh6 39. Qc2 Ng5 40. Bf4 Bxf4
41. Kxg1 Bxg3 42. Qd1 Qd6 0-1

[Event "43. Olimpiada Batumi 2018 Femenina"]
[Site "Batumi GEO"]
[Date "2018.09.28"]
[Round "5.4"]
[White "Machlik, Monika"]
[Black "Momunalieva, Shaadat"]
[Result "1-0"]
[WhiteElo "2059"]
[BlackElo "1594"]
[PlyCount "83"]
[EventDate "2018.09.24"]
[EventType "team-swiss"]
[EventRounds "11"]
[EventCountry "GEO"]
[SourceTitle "Ajedrez en Madrid"]
[Source "lmi"]
[SourceDate "2018.09.24"]
[WhiteTeam "Norway"]
[BlackTeam "Kyrgyzstan"]
[WhiteTeamCountry "NOR"]
[BlackTeamCountry "KGZ"]

1. d4 d5 2. c4 c6 3. Nf3 Nf6 4. e3 e6 5. Bd3 Nbd7 6. Nbd2 Be7 7. O-O O-O 8. e4
dxc4 9. Nxc4 b5 10. Ne3 Bb7 11. e5 Ne8 12. Bc2 a6 13. Qd3 g6 14. Rd1 c5 15. d5
c4 16. Qe2 Bc5 17. dxe6 fxe6 18. Ng4 Bxf3 19. gxf3 Qe7 20. Bh6 Ng7 21. Be4 Rab8
22. Bc6 Nb6 23. Nf6+ Kh8 24. Nd7 Qh4 25. Bxg7+ Kxg7 26. Nxc5 Qe7 27. Nd7 Qg5+
28. Kh1 Nxd7 29. Rxd7+ Kg8 30. Qe3 Qh4 31. Rd4 Qh3 32. Rad1 Rf5 33. f4 Qg4 34.
Rg1 Qh4 35. Qg3 Qe7 36. Be4 Rf7 37. Rgd1 Qb4 38. R1d2 Rbf8 39. f5 exf5 40. Bd5
Kg7 41. Bxf7 Rxf7 42. e6 1-0

[Event "43. Olimpiada Batumi 2018 Femenina"]
[Site "Batumi GEO"]
[Date "2018.09.28"]
[Round "5.1"]
[White "Ahmad Murad, Fatema Alzahraa"]
[Black "Baptista, Ana Filipa"]
[Result "0-1"]
[WhiteElo "1649"]
[BlackElo "2008"]
[PlyCount "188"]
[EventDate "2018.09.24"]
[EventType "team-swiss"]
[EventRounds "11"]
[EventCountry "GEO"]
[SourceTitle "Ajedrez en Madrid"]
[Source "lmi"]
[SourceDate "2018.09.24"]
[WhiteTeam "Syria"]
[BlackTeam "Portugal"]
[WhiteTeamCountry "SYR"]
[BlackTeamCountry "POR"]

1. d4 Nf6 2. c4 e6 3. Nc3 Bb4 4. Qc2 c5 5. dxc5 Bxc5 6. Nf3 Nc6 7. e3 d5 8.
cxd5 Nxd5 9. Nxd5 Qxd5 10. a3 Bd7 11. Bd2 Rc8 12. Bc3 e5 13. Rd1 Qe6 14. h4 Nd4
15. Bxd4 exd4 16. Ng5 Bb4+ 17. axb4 Rxc2 18. Nxe6 Bxe6 19. Rxd4 O-O 20. Be2
Rfc8 21. Bd1 R2c4 22. Rd2 Rxb4 23. g3 Bc4 24. Be2 Kf8 25. O-O Bxe2 26. Rxe2 Rc6
27. Rd1 Rcb6 28. Rdd2 Ke7 29. Kg2 Ke6 30. Rc2 a5 31. Red2 a4 32. Kf3 Rd6 33.
Ke2 Rxd2+ 34. Rxd2 Rb6 35. Rc2 Kd5 36. Kd3 f5 37. h5 Rb3+ 38. Ke2 Ke5 39. Kf3
Kf6 40. Rd2 Kg5 41. Rc2 Kxh5 42. Kf4 Kg6 43. Rd2 Kf6 44. Rd6+ Ke7 45. Rd2 Ke6
46. Kg5 b5 47. Rc2 Rb4 48. f4 Rb3 49. Re2 b4 50. g4 fxg4 51. Kxg4 a3 52. bxa3
bxa3 53. e4 Rb2 54. Re1 a2 55. Ra1 Kf6 56. Kf3 g5 57. fxg5+ Kxg5 58. Rg1+ Kf6
59. Ra1 Ke5 60. Ke3 Rb3+ 61. Kd2 Ra3 62. Kc2 Kxe4 63. Kb2 Ra5 64. Re1+ Kf3 65.
Ka1 h5 66. Re7 h4 67. Rf7+ Kg2 68. Rg7+ Kh2 69. Rg4 h3 70. Rg6 Ra3 71. Rg4 Rg3
72. Rc4 Kg1 73. Kxa2 h2 74. Rc1+ Kg2 75. Rc2+ Kh3 76. Rc1 Rg1 77. Rc3+ Kg4 78.
Rc4+ Kg5 79. Rc5+ Kf4 80. Rh5 h1=Q 81. Rxh1 Rxh1 82. Kb3 Ke4 83. Kc3 Ke3 84.
Kc4 Rh5 85. Kc3 Rc5+ 86. Kb4 Kd4 87. Kb3 Rc4 88. Kb2 Rc3 89. Kb1 Kc4 90. Kb2
Kb4 91. Ka2 Rc2+ 92. Ka1 Kb3 93. Kb1 Rc4 94. Ka1 Rc1# 0-1

[Event "43. Olimpiada Batumi 2018 Femenina"]
[Site "Batumi GEO"]
[Date "2018.09.28"]
[Round "5.2"]
[White "Coimbra, Margarida"]
[Black "Alkaseer, Roaa"]
[Result "0-1"]
[WhiteElo "2068"]
[BlackElo "1708"]
[PlyCount "66"]
[EventDate "2018.09.24"]
[EventType "team-swiss"]
[EventRounds "11"]
[EventCountry "GEO"]
[SourceTitle "Ajedrez en Madrid"]
[Source "lmi"]
[SourceDate "2018.09.24"]
[WhiteTeam "Portugal"]
[BlackTeam "Syria"]
[WhiteTeamCountry "POR"]
[BlackTeamCountry "SYR"]

1. e4 c5 2. c3 d5 3. exd5 Nf6 4. d4 Nxd5 5. Nf3 e6 6. Ne5 cxd4 7. cxd4 Bb4+ 8.
Bd2 Qa5 9. Nc4 Bxd2+ 10. Nbxd2 Qb4 11. a3 Qe7 12. Ne4 O-O 13. Be2 Nc6 14. O-O
Rd8 15. Ne3 Nf4 16. Nc2 Nxd4 17. Nxd4 Rxd4 18. Qc2 e5 19. Nc3 Qg5 20. Bf3 Bh3
21. g3 Bxf1 22. Kxf1 Ne6 23. Bxb7 Rad8 24. Rd1 Rxd1+ 25. Nxd1 Qd2 26. Qxd2 Rxd2
27. Ke1 Rd6 28. Bg2 Nd4 29. Ne3 f6 30. Nc4 Rd7 31. h4 Nc2+ 32. Ke2 Kf7 33. Bc6
Nd4+ 0-1

[Event "43. Olimpiada Batumi 2018 Femenina"]
[Site "Batumi GEO"]
[Date "2018.09.28"]
[Round "5.3"]
[White "Mahmoud, Roula"]
[Black "Jorge, Rita Maria Osorio"]
[Result "0-1"]
[WhiteElo "1795"]
[BlackElo "1870"]
[PlyCount "80"]
[EventDate "2018.09.24"]
[EventType "team-swiss"]
[EventRounds "11"]
[EventCountry "GEO"]
[SourceTitle "Ajedrez en Madrid"]
[Source "lmi"]
[SourceDate "2018.09.24"]
[WhiteTeam "Syria"]
[BlackTeam "Portugal"]
[WhiteTeamCountry "SYR"]
[BlackTeamCountry "POR"]

1. Nf3 Nf6 2. g3 d5 3. Bg2 Bf5 4. O-O e6 5. d3 Bd6 6. Nbd2 O-O 7. Re1 e5 8. c4
c6 9. e4 dxe4 10. dxe4 Bg6 11. Qc2 Nbd7 12. b3 a5 13. Bb2 Qc7 14. Rad1 Rfd8 15.
Nh4 Nc5 16. f4 Qb6 17. Kh1 Ng4 18. Re2 exf4 19. Nxg6 hxg6 20. Bh3 Ne3 21. Qc3
Bf8 22. Rg1 Rd3 23. Qe5 fxg3 24. Rxg3 Nd1 25. Ba1 Rad8 26. Nf3 Nf2+ 27. Rxf2
Rd1+ 28. Rf1 Nd3 29. Qc3 Nf2+ 30. Kg2 Nxe4 31. Qb2 Rxf1 32. Kxf1 Rd1+ 33. Kg2
Nxg3 34. hxg3 Qe3 35. Bc8 b6 36. Bb7 Qd3 37. Kf2 Qf1+ 38. Ke3 Rd3+ 39. Kf4
Qxf3+ 40. Kg5 Qxg3# 0-1

[Event "43. Olimpiada Batumi 2018 Femenina"]
[Site "Batumi GEO"]
[Date "2018.09.28"]
[Round "5.4"]
[White "Silva, Mariana Sofia T"]
[Black "Khalil, Manar"]
[Result "0-1"]
[WhiteElo "1924"]
[BlackElo "1797"]
[PlyCount "178"]
[EventDate "2018.09.24"]
[EventType "team-swiss"]
[EventRounds "11"]
[EventCountry "GEO"]
[SourceTitle "Ajedrez en Madrid"]
[Source "lmi"]
[SourceDate "2018.09.24"]
[WhiteTeam "Portugal"]
[BlackTeam "Syria"]
[WhiteTeamCountry "POR"]
[BlackTeamCountry "SYR"]

1. e4 c5 2. Nf3 e6 3. d4 cxd4 4. Nxd4 Nf6 5. Nc3 Nc6 6. Ndb5 d6 7. Bf4 e5 8.
Bg5 a6 9. Na3 b5 10. Nd5 Be7 11. Bxf6 Bxf6 12. c3 O-O 13. Nc2 Bg5 14. g3 f5 15.
exf5 Bxf5 16. Bg2 Rc8 17. h4 Be7 18. Nce3 Be6 19. Be4 Qe8 20. Qd3 h6 21. Bg6
Qd8 22. Qd1 Bf6 23. Bb1 Kh8 24. Qd3 Bg8 25. Qe4 Ne7 26. Bc2 Nxd5 27. Nxd5 Rc4
28. Qg6 Qe8 29. Qxe8 Rxe8 30. O-O-O Rd8 31. Rhe1 Rc5 32. Be4 a5 33. Kb1 Bh7 34.
Bxh7 Kxh7 35. Re4 Kg6 36. f3 Kf7 37. Re2 Ke6 38. Red2 Rd7 39. a3 Bd8 40. Kc2 g5
41. h5 Rf7 42. Ne3 Rc6 43. g4 Rxf3 44. Nf5 Be7 45. Nxh6 Rf4 46. Rg2 Rcc4 47. b3
Rce4 48. Rgd2 Rf8 49. Nf5 Rd8 50. Rg2 Bf6 51. h6 d5 52. h7 Rh8 53. Rh1 d4 54.
cxd4 exd4 55. Kd3 Rf4 56. Rh6 Kf7 57. Rc2 Rf3+ 58. Ke4 Rf4+ 59. Kd5 Rd8+ 60.
Nd6+ Kg7 61. Rch2 d3 62. h8=Q+ Rxh8 63. Rxh8 d2 64. Ne8+ Kf7 65. R8h7+ Kg8 66.
Nxf6+ Rxf6 67. Rh8+ Kg7 68. Rxd2 Kxh8 69. Rd4 Rf3 70. b4 Rxa3 71. bxa5 Rxa5 72.
Rb4 Ra4 73. Rxb5 Rxg4 74. Ke6 Kg7 75. Kf5 Rg1 76. Rb7+ Kh6 77. Rb6+ Kh5 78. Rb8
Rf1+ 79. Ke4 Kg4 80. Ke3 Kg3 81. Ke2 Rf4 82. Rg8 g4 83. Rg7 Kg2 84. Rg8 g3 85.
Ke3 Rf7 86. Rg6 Re7+ 87. Kf4 Kf2 88. Ra6 g2 89. Ra2+ Re2 0-1